000 00652nam a2200205 i 4500
001 27487
003 ES-MaACL
005 20240522183506.0
007 t|
008 030114s1921 pe ||||1| spa d
100 1 _aAyarza, Victor E.
_924136
245 1 0 _aReseña histórica del Senado del Perú /
_cVictor E. Ayarza.
260 _aLima :
_b[s.n.,
_c1921] (
_fImp. Torres Aguirre)
300 _a309, CXLIV, 147, LXI, 4 p :
_bil. ;
_c25 cm.
610 2 4 _aPerú.
_bSenado-
_vHistoria.
_9170384
650 7 _aInquisición-
_zPerú
_2
_9170385
651 4 _aPerú-
_xHistoria-
_y1829-1919.
_9170386
852 _aES-MaACL
_jD-4042
999 _c27487
_d27487